书目信息 |
| 题名: |
道路交通流协同行驶理论与方法
|
|
| 作者: | 孙棣华 , 田川 , 刘卫宁 著 | |
| 分册: | ||
| 出版信息: | 北京 科学出版社 2019.08 |
|
| 页数: | 228页 | |
| 开本: | 24cm | |
| 丛书名: | ||
| 单 册: | ||
| 中图分类: | U491 | |
| 科图分类: | ||
| 主题词: | 交通工程--jiao tong gong cheng--工程管理--研究--中国 | |
| 电子资源: | ||
| ISBN: | 978-7-03-062066-8 | |
| 000 | 01008nam0 2200277 450 | |
| 001 | 202020140799 | |
| 005 | 20200926181358.0 | |
| 010 | @a978-7-03-062066-8@dCNY98.00 | |
| 100 | @a20200919d2019 em y0chiy50 ea | |
| 101 | 0 | @achi |
| 102 | @aCN@b110000 | |
| 105 | @aak a 000yy | |
| 106 | @ar | |
| 200 | 1 | @a道路交通流协同行驶理论与方法@Adao lu jiao tong liu xie tong xing shi li lun yu fang fa@f孙棣华, 田川, 刘卫宁著 |
| 210 | @a北京@c科学出版社@d2019.08 | |
| 215 | @a228页@c图@d24cm | |
| 306 | @a中国科学院出版基金资助出版 | |
| 320 | @a有书目 | |
| 330 | @a本书从机理上分析了车辆协同行驶给车流带来的稳定效应和能耗演化机理, 提出拥堵抑制方法。全书共分为十章, 主要内容包括: 绪论、交通流参数特性、车辆跟驰理论的若干关键问题等。 | |
| 606 | 0 | @a交通工程@Ajiao tong gong cheng@x工程管理@x研究@y中国 |
| 690 | @aU491@v5 | |
| 701 | 0 | @a孙棣华@Asun di hua@4著 |
| 701 | 0 | @a田川@Atian chuan@4著 |
| 701 | 0 | @a刘卫宁@Aliu wei ning@4著 |
| 801 | 0 | @aCN@c20190903 |
| 905 | @a河南城建学院图书馆@dU491@eS912 | |
| 道路交通流协同行驶理论与方法/孙棣华, 田川, 刘卫宁著.-北京:科学出版社,2019.08 |
| 228页:图;24cm |
| ISBN 978-7-03-062066-8:CNY98.00 |
| 本书从机理上分析了车辆协同行驶给车流带来的稳定效应和能耗演化机理, 提出拥堵抑制方法。全书共分为十章, 主要内容包括: 绪论、交通流参数特性、车辆跟驰理论的若干关键问题等。 |
| ● |
| 相关链接 |
|
|
|
正题名:道路交通流协同行驶理论与方法
索取号:U491/S912
 
预约/预借
| 序号 | 登录号 | 条形码 | 馆藏地/架位号 | 状态 | 备注 |
| 1 | 1490992 | 214909928 | 自科库501/501自科库 58排1列1层/ [索取号:U491/S912] | 在馆 |